बेंडबाजा. (Record no. 1316347)

MARC details
000 -LEADER
fixed length control field 00573nam a2200181Ia 4500
008 - FIXED-LENGTH DATA ELEMENTS--GENERAL INFORMATION
fixed length control field 151202s9999||||xx |||||||||||||| ||und||
082 ## - DEWEY DECIMAL CLASSIFICATION NUMBER
Item number PNVM-49902
100 ## - MAIN ENTRY--PERSONAL NAME
Personal name मिरासदार द.मा.
245 ## - TITLE STATEMENT
Title बेंडबाजा.
260 ## - PUBLICATION, DISTRIBUTION, ETC. (IMPRINT)
Name of publisher, distributor, etc मेहता पब्लिशिंग हाऊस पुणे.
260 ## - PUBLICATION, DISTRIBUTION, ETC. (IMPRINT)
Date of publication, distribution, etc 2013
300 ## - PHYSICAL DESCRIPTION
Extent 156
600 ## - SUBJECT ADDED ENTRY--PERSONAL NAME
Personal name मिरासदार द.मा.
630 ## - SUBJECT ADDED ENTRY--UNIFORM TITLE
Uniform title बेंडबाजा.
700 ## - ADDED ENTRY--PERSONAL NAME
Personal name मिरासदार द.मा.
730 ## - ADDED ENTRY--UNIFORM TITLE
Uniform title बेंडबाजा.
942 ## - ADDED ENTRY ELEMENTS (KOHA)
Koha item type Book

No items available.